00342nam a2200133Ia 4500008004100000100003100041245004700072250001200119260003300131300000800164650001200172942000700184999001700191190216s9999||||xx |||||||||||||| ||und|| aRastogi. R.P And Misra.R.R 3aAn Introduction To Chemical Thermodynamics a6th Ed. bVikas Publishing Housec1995 a626 aPhysics cBK c33335d33335